| 000 | 00737nam a2200205Ia 4500 | ||
|---|---|---|---|
| 003 | GCL | ||
| 005 | 20240530095548.0 | ||
| 008 | 140319s9999 xx 000 0 ara d | ||
| 040 |
_aGCL / _cGCL |
||
| 082 | 0 | 4 |
_a962.076 _bق/س ق |
| 100 | 1 | _aسليمان مظهر | |
| 245 | 1 | 0 |
_aقصة الصراع بين السادات ورجال عبدالناصر / _cسليمان مظهر |
| 250 | _aالاولى | ||
| 260 |
_aالقاهرة : _bمكتبة مدبولى ، _c1997 |
||
| 300 |
_a133 ص ؛ _c20 سم |
||
| 650 | 0 | 4 | _aمصر - الاحوال السياسية |
| 650 | 0 | 4 | _aمصر - رؤساء الجمهورية |
| 650 | 0 | 4 | _aمصر - تاريخ - العصر الحديث - انور السادات (1971 - 1981) |
| 942 |
_2ddc _cBK |
||
| 999 |
_c8383 _d8383 |
||